Statistics for Guess 100 Juventus footballers by image

Click here to take the quiz!

General Stats

  • This quiz has been taken 118 times
  • The average score is 70 of 100

Answer Stats

Answer% Correct
Ángel Di Maria
99%
Andrea Pirlo
98%
Giorgio Chiellini
98%
Zinedine Zidane
98%
Zlatan Ibrahimović
98%
Arturo Vidal
97%
Gianluigi Buffon
97%
Gonzalo Higuain
97%
Leonardo Bonucci
97%
Paul Pogba
97%
Cristiano Ronaldo
96%
Kingsley Coman
96%
Mario Mandzukic
96%
Paulo Dybala
96%
Pavel Nedvěd
96%
Álvaro Morata
94%
Edgar Davids
94%
Alessandro Del Piero
93%
Carlos Tévez
93%
Federico Chiesa
93%
Sami Khedira
93%
Fabio Cannavaro
92%
Miralem Pjanic
92%
Patrice Evra
92%
Adrien Rabiot
91%
Dani Alves
91%
Edwin van der Sar
91%
Juan Cuadrado
91%
Matthijs de Ligt
91%
Alex Sandro
90%
Emre Can
89%
João Cancelo
89%
Weston McKennie
89%
Blaise Matuidi
88%
Dusan Vlahovic
88%
Claudio Marchisio
85%
Thierry Henry
85%
Wojciech Szczęsny
85%
Arkadiusz Milik
84%
Michel Platini
83%
Danilo
82%
Bremer
81%
Douglas Costa
81%
Leandro Paredes
81%
Moise Kean
81%
Arthur Melo
80%
Patrick Vieira
80%
Andrea Barzagli
78%
David Trezeguet
78%
Roberto Baggio
78%
Aaron Ramsey
75%
Dejan Kulusevski
75%
Lilian Thuram
75%
Manuel Locatelli
75%
Didier Deschamps
74%
Kwadwo Asamoah
74%
Gianluca Zambrotta
73%
Stephan Lichtsteiner
72%
Filip Kostic
71%
Mattia Perin
71%
Medhi Benatia
71%
Daniele Rugani
69%
Rodrigo Bentancur
69%
Martin Caceres
67%
Dino Zoff
66%
Antonio Conte
65%
Federico Bernardeschi
62%
Filippo Inzaghi
62%
Sebastian Giovinco
62%
Fernando Llorente
61%
Denis Zakaria
58%
Christian Vieri
57%
Merih Demiral
57%
Fabio Quagliarella
56%
Luca Toni
56%
Benedikt Höwedes
55%
Fabio Grosso
55%
Mattia De Sciglio
54%
Mauro Camoranesi
54%
Diego
53%
Leonardo Spinazzola
53%
Ian Rush
49%
Michael Laudrup
46%
Gianluca Vialli
44%
Emerson
43%
Paolo Rossi
40%
Alessandro Matri
39%
Mirko Vucinic
36%
Angelo Peruzzi
30%
Gaetano Scirea
29%
Ciro Ferrara
28%
Alberto Aquilani
27%
Omar Sivori
24%
Giampiero Boniperti
22%
Marco Tardelli
18%
Antonio Cabrini
15%
John Charles
15%
Claudio Gentile
13%
Roberto Bettega
13%
José Altafini
12%

Score Distribution

Percentile by Number Answered

Percent of People with Each Score

Your Score History

You have not taken this quiz